00000000cam 2200000zi 4500
0019.961885
003CaOODSP
00520260605133215
006m     o  d f      
007cr cn ||||||||
008260413t20252025onc     o    f000 0 fre d
020 |a9780660995342
040 |aCaOODSP|bfre|erda|cCaOODSP
043 |an-cn---
0861 |aBT43-208/2026F-PDF
24500|aFinancement du régime de retraite de la fonction publique.
264 1|aOttawa, Ontario : |bSecrétariat du Conseil du trésor du Canada = Treasury Board of Canada Secretariat, |c2025.
264 4|c©2025
300 |a1 ressource en ligne (7 pages)
336 |atexte|btxt|2rdacontent/fre
337 |ainformatique|bc|2rdamedia/fre
338 |aressource en ligne|bcr|2rdacarrier/fre
500 |aPublié aussi en anglais sous le titre : Funding of the public service pension plan.
500 |a« Publié : le 2025-12-15. »
650 6|aFonction publique|zCanada|xPensions.
7101 |aCanada. |bConseil du trésor, |eorganisme de publication.
77508|tFunding of the public service pension plan.|w(CaOODSP)9.961886
85640|qPDF|s844 Ko|uhttps://publications.gc.ca/collections/collection_2026/sct-tbs/BT43-208-2026-fra.pdf
8564 |qHTML|sS.O.|uhttps://www.canada.ca/fr/secretariat-conseil-tresor/services/regime-retraite/renseignements-regime/financement-regime-retraite-investissements-comptabilite-rapports.html